Score 0/30 Timer 06:00
0 Plays Today
% Correct
Hugh
96.3%
Lewis
95.2%
Misérables
90.6%
Abraham
90.2%
Linings
87.7%
Phoenix
85.3%
Denzel
85.1%
Playbook
83.9%
Bradley
83.3%
Thirty
81%
Naomi
76.1%
Lawrence
75.1%
Lincoln
67.7%
Jessica
58.2%
Valjean
53.3%
% Correct
Beasts
38.5%
Flight
36.2%
Master
23.8%
Impossible
17.5%
Wallis
16.5%
Amour
13.9%
Pat
11.7%
Tiffany
10.8%
Riva
10.3%
Hushpuppy
7.9%
Maya
7.2%
Whitaker
5.7%
Freddie
4.3%
Maria
3.7%
Laurent
1.4%

Today's Daily Dose

Remove Ads.
Support Sporcle.
Get the best of Sporcle when you Go Orange. This ad-free experience offers more features, more stats, and more fun while also helping to support Sporcle. Thank you for becoming a member.

You're not logged in!

Compare scores with friends on all Sporcle quizzes.
OR
Log In

Show Comments

Extras

Top Quizzes Today


Score Distribution

Your Account Isn't Verified!

In order to create a playlist on Sporcle, you need to verify the email address you used during registration. Go to your Sporcle Settings to finish the process.

Report this User

Report this user for behavior that violates our Community Guidelines.

Details: